| 000 | 00513nam a2200157Ia 4500 | ||
|---|---|---|---|
| 005 | 20250923144846.0 | ||
| 008 | 008 250917s9999 xx 000 0 eng d | ||
| 037 | _aReports | ||
| 040 |
_aDSWL _beng _cDSWL |
||
| 041 |
_aeng _2eng |
||
| 084 |
_aYX,Z2;1-22.3'N5, N53 _qDSWL |
||
| 245 | 0 | _aReport of the national youth employment council on the work of the youth employment service 1950-55 | |
| 260 |
_aLondon _bHMSO _c1953 |
||
| 942 |
_cREP _hYX,Z2;1-22.3'N5, N53 |
||
| 999 |
_c1444259 _d1444259 |
||